Biggest Cities in the Byzantine Empire in 1025 AD - Under Basil II - Statistics

General Stats
  • This quiz has been taken 1,117 times
    936 since last reset
  • The average score is 27 of 66
Answers on the Map
Answers color-coded by a green-red scale on the quiz's map according to % correct below.
 
Answer Stats
Population Cities % Correct
300k Constantinople (Istanbul)
98%
15k Athens
97%
30k Neapolis (Naples)
95%
80k Thessaloniki
94%
40k Ankyra (Ankara)
86%
5k Serdonpolis (Sofia)
81%
10k Smyrna (İzmir)
81%
30k Antiokheia he epi Orontou (Antakya)
80%
7k Belegradhon (Belgrade)
75%
6k Trapezus (Trabzon)
74%
5k Korinthos (Corinth)
73%
5k Lefkosia (Nicosia)
73%
13k Antiokheia tou Maiandrou (Başaran)
72%
5k Adrianople (Edirne)
71%
10k Chandax (Heraklion)
67%
5k Attaleia (Antalya)
61%
20k Philippopolis (Plovdiv)
59%
7k Prousa (Bursa)
58%
5k Dyrrhachion (Durrës)
55%
5k Ikonion (Konya)
54%
7k Khersonesos (Sevastopol)
54%
15k Nikomedeia (İzmit)
54%
5k Sinope (Sinop)
54%
6k Taras (Taranto)
54%
35k Nikaia (İznik)
53%
10k Adana
51%
6k Thebes
51%
17k Rhegion (Reggio Calabria)
48%
6k Larisa
46%
40k Kaisaraia (Kayseri)
45%
17k Salernum (Salerno)
43%
30k Theodosiopolis (Erzurum)
41%
5k Ioannina
40%
40k Ochrida (Ohrid)
40%
35k Amalphis (Amalfi)
37%
20k Tarsos (Tarsus)
36%
5k Kaphas (Feodosia)
34%
8k Amisos (Samsun)
33%
9k Beneventum (Benevento)
33%
35k Sebasteia (Sivas)
32%
20k Filadelfeia (Alaşehir)
22%
15k Prizren
22%
12k Khalkedon (Kadıköy)
21%
5k Melitene (Malatya)
21%
5k Amaseia (Amasya)
18%
10k Monemvasia
18%
15k Kastoria
16%
30k Germanikeia (Kahramanmaraş)
15%
7k Mosynopolis (Komotini)
15%
10k Ioanopolis (Veliki Preslav)
14%
5k Lissos (Lezhë)
12%
7k Sliven
12%
5k Varletum (Barletta)
12%
15k Veria
12%
5k Chrysopolis (Üsküdar)
11%
25k Mush (Muş)
11%
8k Seleukeia (Silifke)
9%
10k Anchialos (Pomorie)
7%
17k Constantia (Agios Achillios)
6%
7k Sougdeia (Sudak)
6%
6k Belebousda (Kyustendil)
5%
5k Develtos (Debelt)
3%
5k Maroneia
3%
5k Asmosaton (Örencik)
2%
5k Chonai (Honaz)
2%
20k Mamista (Yakapınar)
2%
No matching quizzes found
Score Distribution
Percent of People with Each Score
Percentile by Number Answered
Your Score History
You have not taken this quiz since the last reset